[Event "Juniorklub 2017"]
[Site "?"]
[Date "2017.11.17"]
[Round "1.10"]
[White "Kovarikova, Maria"]
[Black "Remen, Igor"]
[Result "1-0"]
[BlackElo "1763"]
[WhiteElo "1516"]
[LiveChessVersion "1.4.8"]

1. e4 {[%clk 1:00:58]} e5 {[%clk 1:00:54]} 2. Nf3 {[%clk 1:01:22]} Nc6
{[%clk 1:01:20]} 3. d4 {[%clk 1:01:45]} exd4 {[%clk 1:01:45]} 4. c3
{[%clk 1:02:04]} dxc3 {[%clk 1:01:25]} 5. Bc4 {[%clk 1:02:24]} Be7
{[%clk 0:58:11]} 6. Nxc3 {[%clk 1:00:22]} d6 {[%clk 0:57:35]} 7. Qb3
{[%clk 0:51:29]} Na5 {[%clk 0:54:51]} 8. Bxf7+ {[%clk 0:48:30]} Kf8
{[%clk 0:55:15]} 9. Qd1 {[%clk 0:46:23]} Kxf7 {[%clk 0:45:57]} 10. Qd5+
{[%clk 0:46:35]} Be6 {[%clk 0:46:18]} 11. Qxa5 {[%clk 0:46:43]} c6
{[%clk 0:44:53]} 12. Qxd8 {[%clk 0:45:31]} Rxd8 {[%clk 0:45:18]} 13. Bf4
{[%clk 0:45:28]} Bc4 {[%clk 0:39:40]} 14. O-O-O {[%clk 0:44:04]} Nf6
{[%clk 0:39:00]} 15. e5 {[%clk 0:44:17]} Ng4 {[%clk 0:31:36]} 16. exd6
{[%clk 0:43:44]} Bf6 {[%clk 0:29:58]} 17. Rd2 {[%clk 0:41:37]} Rhe8
{[%clk 0:22:04]} 18. h3 {[%clk 0:39:02]} Ne5 {[%clk 0:19:58]} 19. Bxe5
{[%clk 0:36:58]} Bxe5 {[%clk 0:20:18]} 20. Nxe5+ {[%clk 0:34:38]} Rxe5
{[%clk 0:20:43]} 21. f3 {[%clk 0:34:19]} Rd7 {[%clk 0:19:25]} 22. b3
{[%clk 0:31:31]} Be6 {[%clk 0:19:39]} 23. Rhd1 {[%clk 0:30:45]} h6
{[%clk 0:15:45]} 24. f4 {[%clk 0:30:31]} Re3 {[%clk 0:14:24]} 25. Kb2
{[%clk 0:30:34]} b5 {[%clk 0:14:16]} 26. g4 {[%clk 0:28:35]} b4 {[%clk 0:12:07]}
27. Na4 {[%clk 0:28:45]} Rxh3 {[%clk 0:07:28]} 28. Nc5 {[%clk 0:28:59]} Bxg4
{[%clk 0:07:47]} 29. Nxd7 {[%clk 0:28:52]} Bxd7 {[%clk 0:05:57]} 30. Re1
{[%clk 0:28:57]} 1-0

[Event "Juniorklub 2017"]
[Site "?"]
[Date "2017.11.17"]
[Round "2.1"]
[White "Franko, Ondrej"]
[Black "Murin, Pavol"]
[Result "1-0"]
[BlackElo "2045"]
[WhiteElo "1809"]
[LiveChessVersion "1.4.8"]

1. e4 {[%clk 1:00:54]} c5 {[%clk 1:00:31]} 2. Nf3 {[%clk 1:01:19]} d6
{[%clk 1:00:58]} 3. d4 {[%clk 1:01:46]} cxd4 {[%clk 1:01:25]} 4. Qxd4
{[%clk 1:02:11]} Nc6 {[%clk 1:01:35]} 5. Bb5 {[%clk 1:02:37]} Bd7
{[%clk 1:01:43]} 6. Bxc6 {[%clk 1:03:03]} Bxc6 {[%clk 1:02:00]} 7. Nc3
{[%clk 1:03:28]} Nf6 {[%clk 1:01:27]} 8. Bg5 {[%clk 1:03:54]} Qa5
{[%clk 0:58:02]} 9. O-O-O {[%clk 1:01:08]} h6 {[%clk 0:55:03]} 10. Bh4
{[%clk 1:00:37]} g5 {[%clk 0:54:00]} 11. Bg3 {[%clk 1:00:50]} Bg7
{[%clk 0:53:59]} 12. Qd3 {[%clk 0:59:08]} Nh5 {[%clk 0:50:08]} 13. Nd4
{[%clk 0:57:40]} Nxg3 {[%clk 0:48:58]} 14. hxg3 {[%clk 0:57:12]} Rc8
{[%clk 0:42:04]} 15. f3 {[%clk 0:53:25]} a6 {[%clk 0:36:32]} 16. Rh5
{[%clk 0:48:31]} Bd7 {[%clk 0:34:11]} 17. Kb1 {[%clk 0:47:09]} b5
{[%clk 0:28:49]} 18. Nd5 {[%clk 0:42:53]} Rc4 {[%clk 0:22:40]} 19. Nb3
{[%clk 0:34:59]} Qd8 {[%clk 0:20:02]} 20. Ne3 {[%clk 0:29:41]} Rc8
{[%clk 0:19:19]} 21. Nd4 {[%clk 0:28:58]} Qa5 {[%clk 0:14:09]} 22. Ndf5
{[%clk 0:27:56]} Be5 {[%clk 0:13:10]} 23. Rdh1 {[%clk 0:22:41]} Qb4
{[%clk 0:10:41]} 24. Qb3 {[%clk 0:20:09]} Qxb3 {[%clk 0:10:03]} 25. axb3
{[%clk 0:20:28]} Bxf5 {[%clk 0:10:02]} 26. Nxf5 {[%clk 0:20:53]} e6
{[%clk 0:08:52]} 27. Nxh6 {[%clk 0:18:18]} Bxg3 {[%clk 0:07:06]} 28. R1h3
{[%clk 0:15:59]} Bf4 {[%clk 0:06:48]} 29. g3 {[%clk 0:13:43]} Bd2
{[%clk 0:03:13]} 30. Rh1 {[%clk 0:09:53]} f5 {[%clk 0:02:25]} 31. exf5
{[%clk 0:08:57]} exf5 {[%clk 0:02:41]} 32. R1h2 {[%clk 0:06:26]} Bb4
{[%clk 0:02:41]} 33. c3 {[%clk 0:06:34]} Bc5 {[%clk 0:02:58]} 34. b4
{[%clk 0:07:02]} Bg1 {[%clk 0:01:24]} 35. Rh1 {[%clk 0:07:04]} Bf2
{[%clk 0:01:31]} 36. Nxf5 {[%clk 0:07:14]} Rxh5 {[%clk 0:01:25]} 37. Rxh5
{[%clk 0:07:41]} Kd7 {[%clk 0:01:08]} 38. Rxg5 {[%clk 0:07:33]} Rf8
{[%clk 0:01:03]} 39. g4 {[%clk 0:07:13]} Ke6 {[%clk 0:00:49]} 40. Rg6+
{[%clk 0:07:09]} Ke5 {[%clk 0:01:01]} 41. Kc2 {[%clk 0:06:41]} Kf4
{[%clk 0:01:06]} 42. Nd4 {[%clk 0:04:31]} Bxd4 {[%clk 0:00:56]} 43. cxd4
{[%clk 0:04:57]} Kxf3 {[%clk 0:01:06]} 44. Rxd6 {[%clk 0:05:22]} Kxg4
{[%clk 0:01:15]} 45. Rxa6 {[%clk 0:05:49]} Kf5 {[%clk 0:01:07]} 46. Kd3
{[%clk 0:05:56]} Rb8 {[%clk 0:01:14]} 47. Rc6 {[%clk 0:05:56]} Rb7
{[%clk 0:01:34]} 48. Rc5+ {[%clk 0:06:07]} Ke6 {[%clk 0:01:55]} 49. Ke4
{[%clk 0:06:33]} Kd6 {[%clk 0:01:41]} 50. d5 {[%clk 0:06:31]} Rb6
{[%clk 0:01:33]} 51. Rc6+ {[%clk 0:06:29]} Rxc6 {[%clk 0:01:57]} 52. dxc6
{[%clk 0:06:57]} Kxc6 {[%clk 0:02:22]} 53. Ke5 {[%clk 0:07:16]} Kc7
{[%clk 0:02:10]} 54. Kd5 {[%clk 0:07:39]} Kb6 {[%clk 0:02:09]} 55. Kd6
{[%clk 0:08:04]} Kb7 {[%clk 0:02:12]} 56. Kc5 {[%clk 0:08:31]} Ka6
{[%clk 0:02:26]} 57. Kc6 {[%clk 0:08:57]} Ka7 {[%clk 0:02:47]} 58. Kxb5
{[%clk 0:09:23]} Kb7 {[%clk 0:03:08]} 59. Kc5 {[%clk 0:09:39]} Kc7
{[%clk 0:03:28]} 60. b5 {[%clk 0:10:07]} Kb7 {[%clk 0:03:22]} 61. b6
{[%clk 0:10:33]} Kb8 {[%clk 0:03:16]} 62. Kc6 {[%clk 0:11:00]} Kc8
{[%clk 0:03:35]} 63. b7+ {[%clk 0:11:28]} Kb8 {[%clk 0:03:55]} 64. b3
{[%clk 0:11:55]} 1-0

[Event "Juniorklub 2017"]
[Site "?"]
[Date "2017.11.17"]
[Round "2.2"]
[White "Galbavy, Dusan"]
[Black "Simo, Marian"]
[Result "0-1"]
[BlackElo "1974"]
[WhiteElo "1756"]
[LiveChessVersion "1.4.8"]

1. e4 {[%clk 1:00:58]} c5 {[%clk 1:00:25]} 2. Nc3 {[%clk 1:01:17]} d6
{[%clk 0:59:27]} 3. Bc4 {[%clk 1:01:26]} Nf6 {[%clk 0:59:15]} 4. f4
{[%clk 1:01:39]} Nc6 {[%clk 0:59:20]} 5. Nf3 {[%clk 1:01:17]} e6 {[%clk 0:57:22]}
6. O-O {[%clk 1:00:08]} Be7 {[%clk 0:57:31]} 7. d3 {[%clk 0:59:47]} O-O
{[%clk 0:56:52]} 8. Qe1 {[%clk 0:59:15]} a6 {[%clk 0:56:49]} 9. a4
{[%clk 0:59:27]} Re8 {[%clk 0:54:57]} 10. Ba2 {[%clk 0:56:42]} b5
{[%clk 0:46:42]} 11. h3 {[%clk 0:54:40]} Nb4 {[%clk 0:45:04]} 12. Bb1
{[%clk 0:53:44]} Bd7 {[%clk 0:41:52]} 13. axb5 {[%clk 0:52:52]} axb5
{[%clk 0:41:57]} 14. Rxa8 {[%clk 0:52:48]} Qxa8 {[%clk 0:42:23]} 15. g4
{[%clk 0:51:00]} Bc6 {[%clk 0:40:33]} 16. Ng5 {[%clk 0:43:40]} d5
{[%clk 0:38:02]} 17. e5 {[%clk 0:42:28]} Nd7 {[%clk 0:38:29]} 18. h4
{[%clk 0:39:51]} d4 {[%clk 0:33:09]} 19. Nce4 {[%clk 0:34:59]} h6
{[%clk 0:33:18]} 20. Nh3 {[%clk 0:32:18]} Qa1 {[%clk 0:33:07]} 21. Nd2
{[%clk 0:30:43]} c4 {[%clk 0:32:34]} 22. dxc4 {[%clk 0:26:45]} bxc4
{[%clk 0:32:21]} 23. c3 {[%clk 0:25:25]} dxc3 {[%clk 0:31:18]} 24. bxc3
{[%clk 0:25:39]} Qxc3 {[%clk 0:31:36]} 25. Kh2 {[%clk 0:24:26]} Nd3
{[%clk 0:25:24]} 26. Qg3 {[%clk 0:21:23]} Bxh4 {[%clk 0:20:40]} 27. Qe3
{[%clk 0:18:27]} Rb8 {[%clk 0:16:40]} 28. g5 {[%clk 0:11:51]} hxg5
{[%clk 0:13:02]} 29. Rg1 {[%clk 0:06:52]} g4 {[%clk 0:09:27]} 30. Ne4
{[%clk 0:00:45]} Bxe4 {[%clk 0:08:21]} 31. Qxe4 {[%clk 0:01:05]} Rxb1
{[%clk 0:08:30]} 32. Be3 {[%clk 0:01:15]} Rxg1 {[%clk 0:08:10]} 33. Nxg1
{[%clk 0:01:08]} Qc2+ {[%clk 0:08:33]} 34. Kh1 {[%clk 0:01:13]} Nf2+
{[%clk 0:08:56]} 35. Bxf2 {[%clk 0:01:28]} Qxe4+ {[%clk 0:09:21]} 0-1

[Event "Juniorklub 2017"]
[Site "?"]
[Date "2017.11.17"]
[Round "2.3"]
[White "Sevcikova, Lucia"]
[Black "Baleja, Marian"]
[Result "1-0"]
[BlackElo "1929"]
[WhiteElo "1748"]
[LiveChessVersion "1.4.8"]

1. d4 {[%clk 1:00:56]} Nf6 {[%clk 0:51:39]} 2. c4 {[%clk 1:00:52]} c5
{[%clk 0:51:46]} 3. d5 {[%clk 1:00:12]} e6 {[%clk 0:51:41]} 4. dxe6
{[%clk 0:59:53]} fxe6 {[%clk 0:52:01]} 5. Nc3 {[%clk 0:59:29]} d5
{[%clk 0:49:35]} 6. Bg5 {[%clk 0:58:02]} d4 {[%clk 0:45:23]} 7. Bxf6
{[%clk 0:56:41]} Qxf6 {[%clk 0:45:16]} 8. Ne4 {[%clk 0:56:31]} Qg6
{[%clk 0:42:00]} 9. Ng3 {[%clk 0:54:12]} Nc6 {[%clk 0:40:34]} 10. e3
{[%clk 0:52:20]} Nb4 {[%clk 0:32:52]} 11. Rc1 {[%clk 0:50:19]} d3
{[%clk 0:30:19]} 12. Nf3 {[%clk 0:44:23]} Bd6 {[%clk 0:26:39]} 13. a3
{[%clk 0:43:41]} Nc6 {[%clk 0:21:05]} 14. Qxd3 {[%clk 0:42:28]} Qxd3
{[%clk 0:19:45]} 15. Bxd3 {[%clk 0:42:52]} O-O {[%clk 0:19:50]} 16. Rd1
{[%clk 0:41:50]} Be7 {[%clk 0:19:29]} 17. O-O {[%clk 0:41:34]} e5
{[%clk 0:19:36]} 18. Be4 {[%clk 0:40:32]} Bg4 {[%clk 0:18:45]} 19. h3
{[%clk 0:39:28]} Bxf3 {[%clk 0:13:20]} 20. Bxf3 {[%clk 0:39:50]} Rad8
{[%clk 0:13:26]} 21. Bxc6 {[%clk 0:37:15]} bxc6 {[%clk 0:13:49]} 22. Ne4
{[%clk 0:36:53]} Kf7 {[%clk 0:13:07]} 23. Nc3 {[%clk 0:33:34]} Rb8
{[%clk 0:11:37]} 24. Rd2 {[%clk 0:32:54]} Ke6 {[%clk 0:11:44]} 25. Rfd1
{[%clk 0:32:07]} Rb7 {[%clk 0:12:08]} 26. Na4 {[%clk 0:31:49]} Rfb8
{[%clk 0:11:26]} 27. Kh2 {[%clk 0:28:22]} g6 {[%clk 0:10:40]} 28. Kg3
{[%clk 0:27:13]} h6 {[%clk 0:10:45]} 29. Kf3 {[%clk 0:22:18]} Rf8+
{[%clk 0:10:37]} 30. Ke2 {[%clk 0:22:27]} Rfb8 {[%clk 0:10:16]} 31. Kd3
{[%clk 0:21:11]} Rb3+ {[%clk 0:10:14]} 32. Kc2 {[%clk 0:21:22]} R3b7
{[%clk 0:08:55]} 33. Rd3 {[%clk 0:15:28]} Rf8 {[%clk 0:08:56]} 34. R1d2
{[%clk 0:15:34]} Rfb8 {[%clk 0:09:07]} 35. e4 {[%clk 0:15:18]} Rf8
{[%clk 0:08:00]} 36. Rd8 {[%clk 0:12:36]} Rxd8 {[%clk 0:03:56]} 37. Rxd8
{[%clk 0:13:00]} Rc7 {[%clk 0:02:33]} 38. Rd3 {[%clk 0:12:04]} Rc8
{[%clk 0:02:13]} 39. Rg3 {[%clk 0:10:59]} Kf7 {[%clk 0:00:50]} 40. Rf3+
{[%clk 0:10:45]} Ke6 {[%clk 0:01:19]} 41. Rd3 {[%clk 0:10:56]} Rf8
{[%clk 0:01:44]} 42. f3 {[%clk 0:10:50]} Rh8 {[%clk 0:01:04]} 43. Nc3
{[%clk 0:10:32]} Bh4 {[%clk 0:01:02]} 44. Ne2 {[%clk 0:10:22]} Bf2
{[%clk 0:00:57]} 45. f4 {[%clk 0:07:56]} Bd4 {[%clk 0:01:00]} 46. Rf3
{[%clk 0:07:44]} h5 {[%clk 0:00:51]} 47. f5+ {[%clk 0:06:48]} Kf6
{[%clk 0:00:40]} 48. Ng3 {[%clk 0:06:05]} g5 {[%clk 0:00:48]} 49. Rb3
{[%clk 0:05:06]} Rh7 {[%clk 0:01:10]} 50. Rb8 {[%clk 0:04:07]} Bf2
{[%clk 0:01:10]} 51. Ne2 {[%clk 0:03:39]} g4 {[%clk 0:01:38]} 52. Rg8
{[%clk 0:03:02]} gxh3 {[%clk 0:01:51]} 53. gxh3 {[%clk 0:03:10]} Rg7
{[%clk 0:01:04]} 54. Rxg7 {[%clk 0:03:15]} Kxg7 {[%clk 0:01:34]} 55. Kb3
{[%clk 0:02:42]} Kh6 {[%clk 0:02:01]} 56. Ka4 {[%clk 0:02:54]} Bh4
{[%clk 0:02:30]} 57. Ng1 {[%clk 0:02:48]} Bd8 {[%clk 0:02:32]} 58. Nf3
{[%clk 0:02:59]} Bc7 {[%clk 0:03:02]} 59. b4 {[%clk 0:01:34]} cxb4
{[%clk 0:03:16]} 60. Kxb4 {[%clk 0:01:27]} Bd6+ {[%clk 0:03:01]} 61. Ka4
{[%clk 0:01:10]} Bc7 {[%clk 0:02:13]} 62. Kb4 {[%clk 0:01:01]} Bd6+
{[%clk 0:02:42]} 63. Ka5 {[%clk 0:01:20]} Kg7 {[%clk 0:03:07]} 64. a4
{[%clk 0:01:38]} Kf6 {[%clk 0:02:04]} 65. Ka6 {[%clk 0:02:00]} Bc5
{[%clk 0:02:06]} 66. Kb7 {[%clk 0:02:25]} Bd4 {[%clk 0:02:27]} 67. Kxc6
{[%clk 0:02:37]} a5 {[%clk 0:01:48]} 68. Kd5 {[%clk 0:02:35]} Ba7
{[%clk 0:01:12]} 69. Nxe5 {[%clk 0:02:33]} 1-0

[Event "Juniorklub 2017"]
[Site "?"]
[Date "2017.11.17"]
[Round "2.4"]
[White "Turanec, Daniel"]
[Black "Onderco, Peter"]
[Result "1-0"]
[BlackElo "1815"]
[WhiteElo "1652"]
[LiveChessVersion "1.4.8"]

1. e4 {[%clk 1:00:58]} e6 {[%clk 0:57:50]} 2. d4 {[%clk 1:01:23]} d5
{[%clk 0:58:15]} 3. Nd2 {[%clk 1:01:50]} dxe4 {[%clk 0:58:03]} 4. Nxe4
{[%clk 1:02:13]} Bd7 {[%clk 0:58:19]} 5. Nf3 {[%clk 1:02:35]} Bc6
{[%clk 0:58:37]} 6. Bd3 {[%clk 1:02:52]} Nd7 {[%clk 0:58:46]} 7. O-O
{[%clk 1:03:01]} Ngf6 {[%clk 0:58:58]} 8. Bg5 {[%clk 1:03:21]} Be7
{[%clk 0:59:02]} 9. Nxf6+ {[%clk 1:02:41]} Bxf6 {[%clk 0:57:51]} 10. Be3
{[%clk 1:03:06]} h6 {[%clk 0:57:02]} 11. Re1 {[%clk 1:03:03]} Bxf3
{[%clk 0:51:52]} 12. Qxf3 {[%clk 1:03:23]} c6 {[%clk 0:51:56]} 13. c3
{[%clk 1:03:48]} Bg5 {[%clk 0:50:43]} 14. Rad1 {[%clk 1:03:24]} Bxe3
{[%clk 0:50:01]} 15. Rxe3 {[%clk 1:03:50]} O-O {[%clk 0:50:14]} 16. Qf4
{[%clk 1:03:58]} Nf6 {[%clk 0:44:37]} 17. Rde1 {[%clk 1:04:11]} Nd5
{[%clk 0:44:26]} 18. Qe4 {[%clk 1:04:27]} g6 {[%clk 0:42:19]} 19. Rh3
{[%clk 1:03:38]} Kg7 {[%clk 0:42:40]} 20. Qe5+ {[%clk 1:03:35]} Qf6
{[%clk 0:41:43]} 21. Qxf6+ {[%clk 1:03:14]} Nxf6 {[%clk 0:41:51]} 22. f4
{[%clk 1:03:29]} Rac8 {[%clk 0:37:49]} 23. Re5 {[%clk 1:02:20]} Ng4
{[%clk 0:36:52]} 24. Ra5 {[%clk 1:02:13]} a6 {[%clk 0:36:24]} 25. Rg3
{[%clk 1:02:23]} Nf6 {[%clk 0:33:39]} 26. h4 {[%clk 1:01:17]} h5 {[%clk 0:32:32]}
27. Be2 {[%clk 1:01:11]} Kh6 {[%clk 0:32:47]} 28. Rgg5 {[%clk 1:01:06]} Nd5
{[%clk 0:30:39]} 29. g3 {[%clk 1:01:15]} f6 {[%clk 0:30:40]} 30. Rgxd5
{[%clk 1:01:30]} exd5 {[%clk 0:30:56]} 31. g4 {[%clk 1:01:24]} Rce8
{[%clk 0:30:07]} 32. Kf2 {[%clk 1:01:32]} Re4 {[%clk 0:30:14]} 33. gxh5
{[%clk 1:00:30]} gxh5 {[%clk 0:30:23]} 34. Kf3 {[%clk 1:00:48]} Rfe8
{[%clk 0:29:52]} 35. Bf1 {[%clk 1:00:23]} Re1 {[%clk 0:28:59]} 36. Kf2
{[%clk 1:00:43]} Rc1 {[%clk 0:26:03]} 37. c4 {[%clk 1:00:58]} dxc4
{[%clk 0:25:40]} 38. d5 {[%clk 1:01:17]} cxd5 {[%clk 0:23:42]} 39. Rxd5
{[%clk 1:01:40]} Rc2+ {[%clk 0:23:41]} 40. Kf3 {[%clk 1:02:03]} Rc8
{[%clk 0:23:05]} 41. Rd7 {[%clk 1:01:58]} Rxb2 {[%clk 0:23:00]} 42. a4
{[%clk 1:02:08]} c3 {[%clk 0:23:00]} 43. Bd3 {[%clk 1:02:12]} c2 {[%clk 0:22:59]}
44. Rh7# 1-0

[Event "Juniorklub 2017"]
[Site "?"]
[Date "2017.11.17"]
[Round "2.5"]
[White "Haban, Peter"]
[Black "Kovarikova, Maria"]
[Result "0-1"]
[BlackElo "1516"]
[WhiteElo "1814"]
[LiveChessVersion "1.4.8"]

1. e4 {[%clk 0:58:28]} e5 {[%clk 1:00:53]} 2. Nf3 {[%clk 0:58:34]} Nc6
{[%clk 1:01:17]} 3. c3 {[%clk 0:57:59]} Nf6 {[%clk 1:01:30]} 4. Qc2
{[%clk 0:57:17]} d5 {[%clk 1:00:54]} 5. d3 {[%clk 0:55:32]} Be6 {[%clk 0:58:14]}
6. h3 {[%clk 0:54:05]} Qd7 {[%clk 0:54:44]} 7. b4 {[%clk 0:50:20]} a6
{[%clk 0:54:19]} 8. a4 {[%clk 0:50:29]} Bd6 {[%clk 0:54:24]} 9. Bb2
{[%clk 0:40:14]} d4 {[%clk 0:52:25]} 10. b5 {[%clk 0:39:20]} axb5
{[%clk 0:50:05]} 11. axb5 {[%clk 0:39:18]} Rxa1 {[%clk 0:50:27]} 12. Bxa1
{[%clk 0:39:26]} Na5 {[%clk 0:50:12]} 13. c4 {[%clk 0:37:13]} Bb4+
{[%clk 0:48:04]} 14. Nbd2 {[%clk 0:36:17]} Qd6 {[%clk 0:48:01]} 15. Be2
{[%clk 0:35:16]} O-O {[%clk 0:47:26]} 16. O-O {[%clk 0:35:36]} Rd8
{[%clk 0:47:05]} 17. Rc1 {[%clk 0:31:32]} Bxd2 {[%clk 0:46:21]} 18. Nxd2
{[%clk 0:31:47]} Qb6 {[%clk 0:42:49]} 19. Nf3 {[%clk 0:30:57]} Nd7
{[%clk 0:42:41]} 20. Bb2 {[%clk 0:29:05]} c6 {[%clk 0:40:25]} 21. bxc6
{[%clk 0:27:38]} Qxc6 {[%clk 0:39:51]} 22. Ba3 {[%clk 0:27:01]} b6
{[%clk 0:39:07]} 23. Bd1 {[%clk 0:21:56]} Ra8 {[%clk 0:38:06]} 24. Ra1
{[%clk 0:19:23]} Nb7 {[%clk 0:31:02]} 25. Qb2 {[%clk 0:18:15]} f5
{[%clk 0:27:35]} 26. Bb4 {[%clk 0:13:58]} Rxa1 {[%clk 0:25:39]} 27. Qxa1
{[%clk 0:14:20]} Nd8 {[%clk 0:22:51]} 28. Ng5 {[%clk 0:12:26]} fxe4
{[%clk 0:22:19]} 29. Nxe4 {[%clk 0:08:49]} Bxc4 {[%clk 0:21:52]} 30. Nd6
{[%clk 0:06:58]} Bxd3 {[%clk 0:21:24]} 31. Bb3+ {[%clk 0:06:13]} Kh8
{[%clk 0:20:46]} 32. Qd1 {[%clk 0:05:20]} Bg6 {[%clk 0:20:08]} 33. Ba4
{[%clk 0:04:53]} Qc7 {[%clk 0:19:40]} 34. Qg4 {[%clk 0:04:00]} Nf6
{[%clk 0:19:17]} 35. Qg5 {[%clk 0:04:09]} e4 {[%clk 0:17:41]} 36. Qe5
{[%clk 0:02:26]} Qc1+ {[%clk 0:17:16]} 37. Kh2 {[%clk 0:02:52]} h6
{[%clk 0:15:35]} 38. Qe7 Nc6 {[%clk 0:13:41]} 39. Qf8+ {[%clk 0:02:10]} Kh7
{[%clk 0:13:33]} 40. Qc8 {[%clk 0:00:55]} Qf4+ {[%clk 0:13:12]} 41. Kg1
{[%clk 0:01:21]} Nxb4 {[%clk 0:13:25]} 0-1

[Event "Juniorklub 2017"]
[Site "?"]
[Date "2017.11.17"]
[Round "2.6"]
[White "Trangos, Miroslav"]
[Black "Simonova, Stela"]
[Result "1-0"]
[BlackElo "1643"]
[WhiteElo "2019"]
[LiveChessVersion "1.4.8"]

1. d4 {[%clk 1:00:52]} f5 {[%clk 1:00:10]} 2. Nf3 {[%clk 1:00:29]} Nf6
{[%clk 1:00:06]} 3. Bf4 {[%clk 0:59:58]} e6 {[%clk 1:00:15]} 4. h3
{[%clk 0:59:33]} Be7 {[%clk 1:00:35]} 5. e3 {[%clk 0:59:26]} c6 {[%clk 0:59:32]}
6. Nbd2 {[%clk 0:58:30]} O-O {[%clk 0:59:38]} 7. Bd3 {[%clk 0:57:09]} d5
{[%clk 0:59:21]} 8. Ne5 {[%clk 0:54:34]} Nbd7 {[%clk 0:56:30]} 9. c4
{[%clk 0:54:24]} Nxe5 {[%clk 0:53:44]} 10. Bxe5 {[%clk 0:53:20]} Bd6
{[%clk 0:44:55]} 11. Bxd6 {[%clk 0:49:43]} Qxd6 {[%clk 0:45:12]} 12. O-O
{[%clk 0:48:39]} Bd7 {[%clk 0:44:15]} 13. Qc2 {[%clk 0:45:55]} Be8
{[%clk 0:40:58]} 14. cxd5 {[%clk 0:43:23]} cxd5 {[%clk 0:40:08]} 15. Rfc1
{[%clk 0:41:25]} Bg6 {[%clk 0:35:29]} 16. Nf3 {[%clk 0:40:29]} Bh5
{[%clk 0:28:12]} 17. Ne5 {[%clk 0:38:02]} Nd7 {[%clk 0:27:30]} 18. Nxd7
{[%clk 0:37:31]} Qxd7 {[%clk 0:27:55]} 19. Qc7 {[%clk 0:37:36]} Rf7
{[%clk 0:26:59]} 20. Qxd7 {[%clk 0:38:01]} Rxd7 {[%clk 0:27:24]} 21. Rc3
{[%clk 0:37:01]} Rf8 {[%clk 0:25:25]} 22. Rac1 {[%clk 0:35:46]} Rff7
{[%clk 0:23:10]} 23. Rc8+ {[%clk 0:34:50]} Rf8 {[%clk 0:23:33]} 24. g4
{[%clk 0:32:14]} Bg6 {[%clk 0:18:34]} 25. gxf5 {[%clk 0:29:55]} Bxf5
{[%clk 0:17:48]} 26. Bxf5 {[%clk 0:30:22]} exf5 {[%clk 0:18:13]} 27. R1c7
{[%clk 0:30:03]} Rxc7 {[%clk 0:16:31]} 28. Rxc7 {[%clk 0:30:10]} Rf7
{[%clk 0:16:37]} 29. Rc8+ {[%clk 0:29:02]} Rf8 {[%clk 0:17:00]} 30. Rc5
{[%clk 0:29:21]} Rd8 {[%clk 0:12:17]} 31. Rc7 {[%clk 0:28:19]} Rd6
{[%clk 0:11:14]} 32. Rxb7 {[%clk 0:28:05]} Ra6 {[%clk 0:10:54]} 33. a3
{[%clk 0:27:53]} g6 {[%clk 0:08:39]} 34. Kg2 {[%clk 0:27:16]} Ra5
{[%clk 0:07:52]} 35. Kf3 {[%clk 0:27:02]} g5 {[%clk 0:07:55]} 36. Rc7
{[%clk 0:26:49]} Ra6 {[%clk 0:07:18]} 37. Rd7 {[%clk 0:26:43]} Ra5
{[%clk 0:07:09]} 38. b4 {[%clk 0:25:03]} Rxa3 {[%clk 0:06:29]} 39. Rxd5
{[%clk 0:25:23]} Rb3 {[%clk 0:05:50]} 40. Rxf5 {[%clk 0:23:06]} h6
{[%clk 0:05:21]} 41. Ra5 {[%clk 0:19:59]} Rxb4 {[%clk 0:05:23]} 42. Rxa7
{[%clk 0:20:24]} 1-0

[Event "Juniorklub 2017"]
[Site "?"]
[Date "2017.11.17"]
[Round "2.7"]
[White "Sibrava, Patrik"]
[Black "Majzlan, Blazej"]
[Result "1/2-1/2"]
[BlackElo "1757"]
[WhiteElo "1823"]
[LiveChessVersion "1.4.8"]

1. e4 {[%clk 0:49:50]} c5 {[%clk 1:00:53]} 2. Nf3 {[%clk 0:50:14]} e6
{[%clk 1:01:18]} 3. d4 {[%clk 0:50:28]} cxd4 {[%clk 1:01:46]} 4. Nxd4
{[%clk 0:50:53]} a6 {[%clk 1:02:11]} 5. Bd3 {[%clk 0:50:02]} Qc7 {[%clk 1:02:25]}
6. O-O {[%clk 0:50:07]} Nf6 {[%clk 1:02:29]} 7. h3 {[%clk 0:50:05]} b5
{[%clk 1:01:57]} 8. a3 {[%clk 0:49:39]} Bc5 {[%clk 0:57:53]} 9. Nf3
{[%clk 0:47:35]} Bb7 {[%clk 0:57:15]} 10. Qe2 {[%clk 0:46:57]} d5
{[%clk 0:48:38]} 11. exd5 {[%clk 0:44:46]} Nxd5 {[%clk 0:48:27]} 12. Bd2
{[%clk 0:36:37]} Nd7 {[%clk 0:42:11]} 13. Nc3 {[%clk 0:35:19]} Nf4
{[%clk 0:37:38]} 14. Bxf4 {[%clk 0:33:40]} Qxf4 {[%clk 0:38:07]} 15. Be4
{[%clk 0:29:18]} Qc7 {[%clk 0:33:04]} 16. Bxb7 {[%clk 0:25:23]} Qxb7
{[%clk 0:32:35]} 17. Rad1 {[%clk 0:24:18]} O-O {[%clk 0:31:13]} 18. Ne4
{[%clk 0:21:18]} Be7 {[%clk 0:22:58]} 19. Rd2 {[%clk 0:18:14]} Nf6
{[%clk 0:15:16]} 20. Nxf6+ {[%clk 0:15:10]} Bxf6 {[%clk 0:15:44]} 21. c3
{[%clk 0:15:22]} Rfd8 {[%clk 0:15:54]} 22. Rfd1 Rxd2 23. Rxd2 1/2-1/2

[Event "Juniorklub 2017"]
[Site "?"]
[Date "2017.11.17"]
[Round "2.8"]
[White "Sosovickova, Jana"]
[Black "Sevcik, Lubomir"]
[Result "0-1"]
[BlackElo "1716"]
[WhiteElo "1514"]
[LiveChessVersion "1.4.8"]

1. d4 {[%clk 1:00:47]} d5 {[%clk 0:59:22]} 2. c4 e6 {[%clk 0:59:38]} 3. e3
{[%clk 1:01:16]} Nf6 {[%clk 0:59:57]} 4. Nc3 {[%clk 1:01:28]} Be7
{[%clk 0:59:57]} 5. Nf3 {[%clk 1:01:50]} O-O {[%clk 1:00:01]} 6. b3
{[%clk 1:01:39]} c6 {[%clk 1:00:13]} 7. Bd3 {[%clk 1:01:32]} dxc4
{[%clk 0:58:58]} 8. Bxc4 {[%clk 1:00:54]} Qa5 {[%clk 0:57:11]} 9. Bd2
{[%clk 1:00:25]} Qc7 {[%clk 0:55:40]} 10. O-O {[%clk 1:00:01]} Nbd7
{[%clk 0:54:06]} 11. Qc2 {[%clk 0:59:19]} Nb6 {[%clk 0:54:18]} 12. Bd3
{[%clk 0:59:24]} Nbd5 {[%clk 0:53:13]} 13. Nxd5 {[%clk 0:59:16]} exd5
{[%clk 0:53:18]} 14. h3 {[%clk 0:56:57]} Bd6 {[%clk 0:52:35]} 15. Rac1
{[%clk 0:56:35]} Re8 {[%clk 0:52:23]} 16. Rfe1 {[%clk 0:53:23]} Bd7
{[%clk 0:49:40]} 17. Bc3 {[%clk 0:52:39]} h6 {[%clk 0:49:02]} 18. a4
{[%clk 0:51:02]} Ne4 {[%clk 0:49:14]} 19. Bb2 {[%clk 0:50:19]} Re6
{[%clk 0:48:49]} 20. Nd2 {[%clk 0:49:45]} Bh2+ {[%clk 0:46:29]} 21. Kf1
{[%clk 0:49:24]} Nxf2 {[%clk 0:43:01]} 22. Nf3 {[%clk 0:47:37]} Nxd3
{[%clk 0:40:03]} 23. Qxd3 {[%clk 0:47:50]} Bg3 {[%clk 0:39:53]} 24. Re2
{[%clk 0:47:38]} Rf6 {[%clk 0:38:29]} 25. Kg1 {[%clk 0:47:23]} Bf5
{[%clk 0:35:43]} 26. Qc3 {[%clk 0:45:20]} Bxh3 {[%clk 0:33:08]} 27. gxh3
{[%clk 0:44:11]} Rxf3 {[%clk 0:33:17]} 28. Rg2 {[%clk 0:43:25]} Re8
{[%clk 0:32:45]} 29. Re2 {[%clk 0:43:17]} Qd7 {[%clk 0:31:31]} 30. Kg2
{[%clk 0:43:06]} Qf5 {[%clk 0:30:11]} 31. Qd2 {[%clk 0:42:30]} Bd6
{[%clk 0:28:53]} 32. Rh1 {[%clk 0:41:46]} Rg3+ {[%clk 0:28:56]} 33. Kh2
{[%clk 0:42:04]} Qxh3# {[%clk 0:29:14]} 0-1